00787nam a2200229 a 450000100100000000500170001000800410002702000150006804000250008308200150010810000370012324500830016026000290024330000210027249000160029350000350030959000280034470000320037283000230040495201130042799900170054000003642720240305140710.0120117s1996 ec 000 0 spa d a9978800190 aDO-SdBNPbspacBNPHU axxxxbI73M1 aIsaacs, Jorge,d1837-189591734210aMaría /cJorge Isaacs, estudio intruductorio y notas de Alejandro Carrión. aQuito :bLibresa,c1996. a294 p. ;c21 cm.1 aAntaresv26 aDécimo primera reimpresión aInventariado, 2019 / DG1 aCarrión, Alejandro913388 0aAntaresv26911341 001050718MOaGRbGRcCTd2012-01-17iLF1l0oxxxx I73Mp36428-10r2020-06-25w2020-06-25y1ZNo se presta c35918d35918